=LDR 00000nam 2200000 4500 =001 INLIS000000000040637 =005 20170117125434.0 =006 =007 =008 ind =035 ##$$0010-061300000040637 =041 ##$$a ind =082 ##$$a 398.2 =090 ##$$a 398.2, Col d.1 =100 ##$$a COLBERT, David =245 ##$$a Dunia ajaib narnia, Mitos-mitos, legenda-legenda,dan fakta-fakta menakjubkan dibalik karya masterpiece ini, David colbert;Alih bahasa, Donna widjajanto =260 ##$$a 2006 $b Jakarta =300 ##$$a 2002 Hlm, 21 cm =650 ##$$a DONGENG KUMPULAN =700 ##$$a WIDJAJANTO, Donna =850 ##$$a NBPNMAT =990 ##$$a 21195269/BPAP-NTB/2014 =990 ##$$a 0001/BPAP-NTB/20142014